01496cam a2200373 ib4500001000700000003000700007005001700014008004100031020003800072040002300110041001300133042000900146084001100155090001100166100001900177245006000196246005700256250001100313260004000324300002800364490003100392490001900423500006300442504002000505650001800525650002400543700001600567740005600583830003100639830001900670942001400689999001500703952040400718496848YEEZEN20260112140123.0250513s2024 ch g b 000 1 chi d a9789573342076q(平裝) :cNT$360 aNHUbchieCCRcNHU1 achihjpn anbic a861.57 a861.571 a杉井光e著10a世界上最透明的故事 /c杉井光著 ; 簡捷譯1 i封面英文題名:aThe clearest story in the word. a初版 a臺北市 :b皇冠文化,c2024.10 a235, [2]面 ;c21公分1 a皇冠叢書 ;v第5186種1 a大賞 ;v169. a譯自:世界でいちばん透きとおった物語 a含參考書目 72lcstta小說 72lcstta日本文學1 a簡捷e譯0 a世界でいちばん透きとおった物語 0a皇冠叢書 ;v第5186種 0a大賞 ;v169. 2cclcBOOK c7685d7685 00102ccl4070ayeezenbyeezencYEEZENd2026-01-12l4m3o861.57pC03271q2026-05-06r2026-04-08 00:00:00s2026-04-08w2026-01-12yBOOKz「在我的閱讀生涯中,只有一本書在閱讀完後讓我徹底目瞪口呆。我想帶給讀者像那本書一樣純粹又強烈的閱讀『體 驗』。為此,我將這個點子寫成了故事,並透過許多人的協助,變成了一本書。